000 00348nam a2200157Ia 4500
005 20250423101155.0
008 250422s9999 xx 000 0 und d
020 _a0895300002
050 _aHF 3228 .U5 .B47/
245 4 _aThe best of Canada
260 _aCanada
260 _bPhilp G Young
260 _c1990
300 _a223 p
942 _cBK
999 _c35516
_d35516